Поиски и разведка залежей нефти и газа в стратиграфических и литологических ловушках

التفاصيل البيبلوغرافية
المؤلف الرئيسي: Керимов В. Ю. Вагиф Юнус оглы
اللغة:الروسية
منشور في: Москва, Недра, 1987
الموضوعات:
التنسيق: MixedMaterials كتاب
KOHA link:https://koha.lib.tpu.ru/cgi-bin/koha/opac-detail.pl?biblionumber=268584

MARC

LEADER 00000nam0a2200000 4500
001 268584
005 20231101234159.0
035 |a (RuTPU)RU\TPU\book\291735 
090 |a 268584 
100 |a 20140904d1987 km y0rusy50 ca 
101 0 |a rus 
102 |a RU 
105 |a a z 001zy 
200 1 |a Поиски и разведка залежей нефти и газа в стратиграфических и литологических ловушках  |f В. Ю. Керимов 
210 |a Москва  |c Недра  |d 1987 
215 |a 207 с.  |c ил. 
320 |a Библиогр.: с. 205-206 
606 1 |a Нефтяные ловушки  |2 stltpush  |3 (RuTPU)RU\TPU\subj\45948  |9 65137 
610 1 |a нефтяные скопления 
610 1 |a газовые скважины 
610 1 |a прогнозирование 
610 1 |a поиски 
610 1 |a разведка 
610 1 |a системный подход 
610 1 |a нефть 
610 1 |a газ 
610 1 |a скопления 
610 1 |a размещение 
610 1 |a локальный прогноз 
610 1 |a количественная оценка 
675 |a 553.982.2  |v 4 
700 1 |a Керимов  |b В. Ю.  |g Вагиф Юнус оглы 
801 1 |a RU  |b 63413507  |c 20140904 
801 2 |a RU  |b 63413507  |c 20170220  |g RCR 
942 |c BK